000 00649nam a2200181Ia 4500
008 100921s9999 xx 000 0 und d
082 _b24604
_a891.463 थ 87
100 _aप्रीतम अमृता,अनु,जाधव टि.के.
245 _aनागमणी.
260 _bमेहता प्रकाशन, पुणे.
_c1987
300 _a130
_bमॅजेस्टीक प्रकाशन,पुणे.
365 _b40
520 _aललित-कादंबरी.
630 _aनागमणी.
650 _aललित-कादंबरी.
730 _aनागमणी.
942 _cBOOK
999 _c773717
_d773714